00535nam a22001817i 45000010005000000030004000050050017000090070003000260080041000290240014000700400008000841000019000922450092001112600056002033000019002594900058002786510017003362304OSt20170126082304.0tu161220s1975 xxu||||| |||| 00| 0 d7 a23032RID cOSt1 aStrangert, Per00aEconomics of Scale in the Soviet Industry: Intertemporal Regional and Branch Analysis aDurham :bDuke University of North Carolina,c1975. a53 S. ;c30cm. aOccasional Papers on Soviet Input-Output Analysisv12 aSoviet Union